Záporné vlastné imanie ako indikátor existencie transakcií medzi spriaznenými osobami
Vlastné imanie a záporné vlastné imanie. Záporné vlastné imanie a transakcie medzi spriaznenými osobami. Možnosti navýšenia vlastného imania. Navýšenie vlastného imania odpustením záväzku. Navýšenie vlastného imania príspevkom do kapitálového fondu. Navýšenie vlastného imania kapitalizáciou záväzkov...
Uložené v:
| Hlavný autor: | |
|---|---|
| Médium: | Kapitola |
| Jazyk: | Slovak |
| Predmet: | |
| Tagy: |
Žiadne tagy, Buďte prvý, kto otaguje tento záznam!
|
MARC
| LEADER | 00000naa$a2200000$$$4500 | ||
|---|---|---|---|
| 001 | 0250249 | ||
| 005 | 20240502083714.4 | ||
| 041 | 0 | |a slo | |
| 044 | |a CZ | ||
| 245 | 1 | 0 | |a Záporné vlastné imanie ako indikátor existencie transakcií medzi spriaznenými osobami |c Petra Srnišová |
| 520 | |a Vlastné imanie a záporné vlastné imanie. Záporné vlastné imanie a transakcie medzi spriaznenými osobami. Možnosti navýšenia vlastného imania. Navýšenie vlastného imania odpustením záväzku. Navýšenie vlastného imania príspevkom do kapitálového fondu. Navýšenie vlastného imania kapitalizáciou záväzkov do základného imania. Vyhodnotenie analyzovaných spôsobov navýšenia vlastného imania. | ||
| 610 | 2 | 0 | |a imanie vlastné |
| 610 | 2 | 0 | |a imanie základné |
| 610 | 2 | 0 | |a majetok |
| 610 | 2 | 0 | |a záväzky |
| 610 | 2 | 0 | |a účtovníctvo |
| 610 | 2 | 0 | |a jednotka účtovná |
| 100 | 1 | |a Srnišová, Petra, 1981- | |